000 02632nam a22002417a 4500
003 URS
005 20250930104936.0
008 250929b |||||||| |||| 00| 0 eng d
050 0 0 _aLG221.R59
_b.B4312 2025
100 1 _aBenavente, Misha M.
_eResearcher
245 _aKabisaan sa paggamit ng panitikan sa pagkatutu ng wikang Filipino ng mga mag-aaral ng ika-9 na baitang sa southville 8B national high school//
_cMisha M. Benavente, Venus Jessica V. Crespo
260 _c2025
300 _aXI. 38 Leaves
_bIllustrations
_c28cm
336 _2rdacontent
_atext
337 _2rdamedia
_aunmediated
338 _2rdacarrier
_avolume
502 _aUndergraduate Thesis
_bBatsilyer sa Edukasyong Pansekondarya Medyor sa Filipino
_cUniversity of Rizal System, Rodriguez Rizal
_d2025
520 _aAng pag-aaral na ito ay naglayong malaman ang "Kabisaan ng Paggamit ng Panitikan sa Pagkatuto ng Wikang Filipino" na isinagawa sa Southville 8B National High School nitong Enero 2025. Ang mga tagatugon sa pag-aaral ay nagmula sa dalawang seksyon ng baitang siyam na may apat na pu't anim na bilang sa pangkat kontrol at pangkat eksperimental. You sent Ang mga mananaliksik ay gumamit ng pamamaraang eksperimental para sa pang-una at panghuling pagsusulit ng mga mag-aaral upang malaman ang mga kakayahan ng mga tagatugon pagkatapos gamitin ang panitikan sa pagkatuto ng wikang Filipino. Bukod pa rito, ginamit din ang pamaraang palarawan o deskriptibo na nakapokus sa pakikipanayam upang makuha ang tugon mula sa mga mag-aaral at guro na nag-ipon ng isang malalim na pagsusuri na nagtatapos sa isang tiyak at walang pinapanigan na mga resulta. Tinipon ang mga datos upang magsagawa ng mga pagsusuri mula dito hanggang makuha ang konklusyon. Samakatuwid, sa kabuuan ng pag-aaral na mga mananaliksik ay nabuo ang mga sumusunod na konklusyon. Naging mabisa ang paggamit ng panitikan sa pagkatuto ng wikang Filipino sapagkat nagkaroon ng malaking pagbabago at pagkatuto ang mga mag-aaral matapos gamitin ang panitikan. Nabigyang halaga ang pamamaraang ito upang mapaunlad ang pagkatuto sa mga gramatika sa wikang Filipino at upang mas mapaunlad pa ang asignaturang Filipino sa lahat ng antas at aspeto ng pagkatuto. Kaya naman, masasabing tunay na malaki ang naitulong ng panitikan upang mas lumawak pa ang kaalaman, magkaroon ng mahusay na pang-unawa at higit sa lahat ay matutong gamitin nang wasto ang wikang Filipino.
650 _2Kabisaan sa paggamit ng panitikan sa pagkatutu ng wikang filipino
700 _aCrespo, Venus Jessica V.
_eResearcher
700 _aAdolfo, Maria Riza A.
_eResearch Adviser
942 _2lcc
_cT
999 _c86937
_d86935